000
00251 a2200097 4500
001
33799
100
_a
Almas M.A.
245
_a
Nawab Bahadur Haider Ali Khan ; Wali Maisoor [Urdu]
260
_a
Lahore
_b
Maktabh Al Quresh
_c
1992
090
_c
22452
_d
22452
942
_a
NUST-CAE
_c
M
_c
13839
999
_c
268872
_d
268872